| 000 | 00579nam a2200193 4500 | ||
|---|---|---|---|
| 001 | 117616 | ||
| 003 | ES-MaACL | ||
| 005 | 20250407063112.0 | ||
| 007 | t| | ||
| 008 | 070214s1971 sp r ||||1| cat d | ||
| 100 | 1 |
_aPedrolo, Manuel de, _d1918-1991 _989937 |
|
| 245 | 1 | 0 |
_aDarrera Versió, per ara / _cManuel de Pedrolo ; próleg de Xavier Fábregas. |
| 250 | _a[1ª ed.]. | ||
| 260 |
_aBarcelona : _bEdicions 62, _c1971. |
||
| 300 |
_a92 p. ; _c17 cm. |
||
| 700 | 1 |
_aFàbregas, Xavier. _948556 |
|
| 852 |
_aES-MaACL _jC-42003 _bR.77409 |
||
| 999 |
_c117616 _d117616 |
||